| 000 | 00612nam a22001937a 4500 | ||
|---|---|---|---|
| 005 | 20140617144655.0 | ||
| 010 | _aENG-110184 | ||
| 020 |
_a9789325977846 _c225.00 |
||
| 035 | _aEN-93716 | ||
| 037 | _bDBAD/PUB | ||
| 082 | _a657.48 | ||
| 100 | _aGeetha, S. | ||
| 245 |
_aFinancial accounting : _cby S. Geetha ; edited by Kumuda P.R. _bBachelor of commerce Bangalore University (semester I) / |
||
| 260 |
_aNoida _bVikas Publishing House _c2014 |
||
| 270 |
_aE-28, Sector-8, _bNoida (UP) _e201301 |
||
| 300 |
_axi,266p. _c23cm(pbk) |
||
| 700 | _aKumuda P.R. | ||
| 942 |
_2ddc _cEN _mGEE _h657.48 |
||
| 999 |
_c85020 _d85020 |
||